Kleene revisited by Suschkewitsch
The aim of this paper is to generalize to nonassociative concatenation the well-known property that the family of left-linear languages is exactly the family of regular languages. For this purpose, we introduce a generalized Kleene star operation.
Elmentve itt :
| Szerző: | |
|---|---|
| Testületi szerző: | |
| Dokumentumtípus: | Cikk |
| Megjelent: |
2009
|
| Sorozat: | Acta cybernetica
19 No. 2 |
| Kulcsszavak: | Számítástechnika, Kibernetika |
| Tárgyszavak: | |
| Online Access: | http://acta.bibl.u-szeged.hu/12879 |
| LEADER | 01066nab a2200229 i 4500 | ||
|---|---|---|---|
| 001 | acta12879 | ||
| 005 | 20220617102007.0 | ||
| 008 | 161015s2009 hu o 0|| eng d | ||
| 022 | |a 0324-721X | ||
| 040 | |a SZTE Egyetemi Kiadványok Repozitórium |b hun | ||
| 041 | |a eng | ||
| 100 | 1 | |a Pallo Jean Marcel | |
| 245 | 1 | 0 | |a Kleene revisited by Suschkewitsch |h [elektronikus dokumentum] / |c Pallo Jean Marcel |
| 260 | |c 2009 | ||
| 300 | |a 553-565 | ||
| 490 | 0 | |a Acta cybernetica |v 19 No. 2 | |
| 520 | 3 | |a The aim of this paper is to generalize to nonassociative concatenation the well-known property that the family of left-linear languages is exactly the family of regular languages. For this purpose, we introduce a generalized Kleene star operation. | |
| 650 | 4 | |a Természettudományok | |
| 650 | 4 | |a Számítás- és információtudomány | |
| 695 | |a Számítástechnika, Kibernetika | ||
| 710 | |a International Conference on Automata and Formal Languages (12.) (2008) (Szeged) | ||
| 856 | 4 | 0 | |u http://acta.bibl.u-szeged.hu/12879/1/Pallo_2009_ActaCybernetica.pdf |z Dokumentum-elérés |